Management du sport : Marketing et gestion des clubs sportifs (notice n° 2019671)
[ vue normale ]
| 000 -LEADER | |
|---|---|
| fixed length control field | 01292cam a2200169 4500500 |
| 005 - DATE AND TIME OF LATEST TRANSACTION | |
| control field | 20260329065216.0 |
| 041 ## - LANGUAGE CODE | |
| Language code of text/sound track or separate title | fre |
| 042 ## - AUTHENTICATION CODE | |
| Authentication code | dc |
| 100 10 - MAIN ENTRY--PERSONAL NAME | |
| Personal name | Tribou, Gary |
| Relator term | author |
| 245 00 - TITLE STATEMENT | |
| Title | Management du sport : Marketing et gestion des clubs sportifs |
| 260 ## - PUBLICATION, DISTRIBUTION, ETC. | |
| Name of publisher, distributor, etc. | Dunod,<br/> |
| Date of publication, distribution, etc. | 2018.<br/> |
| 520 ## - SUMMARY, ETC. | |
| Summary, etc. | Cette 5e édition du Management du sport vise à souligner la spécificité managériale du secteur sportif. En effet, la pluralité de ses acteurs – clubs amateurs et professionnels, fédérations et administrations publiques, sociétés commerciales – conduit à une utilisation différenciée des outils de gestion. Cette nouvelle édition, à jour des dernières réglementations et de l’actualité sportive, fait le tour complet du management des clubs : • l’analyse marketing et la stratégie des clubs, notamment en matière d’innovation sportive • le mix de communication et la politique de sponsoring • la gestion des ressources humaines associant salariés et bénévoles • l’analyse financière et le contrôle de gestion |
| 700 10 - ADDED ENTRY--PERSONAL NAME | |
| Personal name | Dermit-Richard, Nadine |
| Relator term | author |
| 700 10 - ADDED ENTRY--PERSONAL NAME | |
| Personal name | Dermit, Nadine |
| Relator term | author |
| 700 10 - ADDED ENTRY--PERSONAL NAME | |
| Personal name | Wojak, Candice |
| Relator term | author |
| 856 41 - ELECTRONIC LOCATION AND ACCESS | |
| Uniform Resource Identifier | <a href="https://shs.cairn.info/management-du-sport--9782100774869?lang=fr&redirect-ssocas=7080">https://shs.cairn.info/management-du-sport--9782100774869?lang=fr&redirect-ssocas=7080</a> |
Pas d'exemplaire disponible.




Réseaux sociaux